<?xml version="1.0" encoding="UTF-8"?>
<marc:record xmlns:marc="http://www.loc.gov/MARC21/slim">
   <marc:leader>00000nam a2200000 a 4500</marc:leader>
   <marc:datafield ind1="1" ind2=" " tag="100">
      <marc:subfield code="a">Zeller, Franz</marc:subfield>
      <marc:subfield code="4">aut</marc:subfield>
      <marc:subfield code="e">Verfasser/-in</marc:subfield>
   </marc:datafield>
   <marc:datafield ind1="0" ind2="0" tag="245">
      <marc:subfield code="a">Herzlos</marc:subfield>
   </marc:datafield>
   <marc:datafield ind1="0" ind2="0" tag="245">
      <marc:subfield code="c">Franz Zeller</marc:subfield>
   </marc:datafield>
   <marc:datafield ind1=" " ind2="1" tag="264">
      <marc:subfield code="a">Bielefeld</marc:subfield>
      <marc:subfield code="b">Pendragon</marc:subfield>
      <marc:subfield code="c">2009</marc:subfield>
   </marc:datafield>
   <marc:datafield ind1="1" ind2=" " tag="520">
      <marc:subfield code="a">Rosa Schwab stirbt in der Salzburger Herzklinik unter mysteriösen Umständen. Aber niemanden scheint's zu kümmern. Wenig später liegt ein junger Arzt im Keller des Spitals tot in seinem Blut. Ein Obdachloser soll's gewesen sein. Doch der haucht selber bald sein Leben aus. Der Leiche, die alles aufklären soll, fehlt das Wichtigste: das Herz. Chefinspektor Franco Moll hat seines noch, aber es ist liebeswund. Moll ermittelt in alle Richtungen. Was steckt hinter den Morden? Und wer ist alles sein Herz los?</marc:subfield>
   </marc:datafield>
   <marc:datafield ind1=" " ind2=" " tag="020">
      <marc:subfield code="a">9783865321497</marc:subfield>
      <marc:subfield code="9">9783865321497</marc:subfield>
   </marc:datafield>
   <marc:datafield ind1=" " ind2=" " tag="020">
      <marc:subfield code="a">3865321496</marc:subfield>
      <marc:subfield code="9">3865321496</marc:subfield>
   </marc:datafield>
   <marc:datafield ind1=" " ind2=" " tag="300">
      <marc:subfield code="a">250 S.</marc:subfield>
   </marc:datafield>
</marc:record>
